Responses for Show #7655 - Friday, December 15, 2017

Contestants

[<< previous game]

Denise Littlejohn, a project manager from West Hollywood, California

Kiersten Brown, a writer and retail clerk from Champlain, New York

Craig Tollin, a professor from Roanoke, Virginia (whose 1-day cash winnings total $22,001)

[next game >>]

Jeopardy! Round responses

COKE SLOGANS THROUGH THE YEARS
TREES
VOTE-CABULARY
TV NICKNAMES
BEFORE THE EURO
MAIN STREAM MEDIA
(Alex: Each correct response will include the name of a river.)
    $200 21
summer

Kiersten
    $200 26
(Alex: We have less than a minute to finish these clues.)

a sequoia

Kiersten
    $200 6
your feet

Craig
    $200 1
(Craig: What is McDonald?)
(Alex: Give me the full name.)
(Craig: What is Mac McDonald?)

Ronald McDonald

Craig
Triple Stumper
    $200 7
the pound

Denise
    $200 16
Death on the Nile

Triple Stumper
    $400 22
refreshes

Kiersten
    $400 27
Joshua tree

Craig
    $400 12
confidence

Denise
    $400 2
Mr. Big

Craig
    $400 8
the drachma

Denise
    $400 17
(Denise: What is the Vienna waltz?)

the "Blue Danube"

CraigDenise
    $600 23
a smile

Craig
    $600 28
the tulip tree

Triple Stumper
    $600 13
suffrage

Kiersten
    $600 3
Hoss

Denise
    $1,200 9
the schilling

Denise
    $600 18
(Kiersten: Tales on the Mississippi?)

Life on the Mississippi

Kiersten
Triple Stumper
    $800 24
happiness

Triple Stumper
    $800 29
a Sitka spruce

Kiersten
    $800 14
proxy

Denise
    $800 4
Butters

Triple Stumper
    $800 10
Italy

Kiersten
    $800 19
Washington Crossing the Delaware

Craig
    $1000 25
(Kiersten: What is "Buy the world a Coke"?)
(Denise: What is "I'd like to teach"?)

"It's the real thing"

KierstenDenise
Triple Stumper
    $1000 30
cypress trees

Triple Stumper
    $1000 15
(Denise: What is plebeian?)

a plebiscite

CraigDenise
    $1000 5
Venus Flytrap

Kiersten
    $1000 11
Spain

Kiersten
    $1000 20
Mystic River

Craig

Scores at the first commercial break (after clue 15):

Craig Kiersten Denise
$1,400 $3,400 $2,600

Scores at the end of the Jeopardy! Round:

Craig Kiersten Denise
$4,600 $3,400 $1,200

Double Jeopardy! Round responses

NON-AMERICAN GODS
HISTORICAL ODD PAIRS
ONLY "U"
ALL MY...
EXODUS
LIVE IN TEXAS
    $400 10
Vulcan

Craig
    $400 1
a skunk

Kiersten
    $400 6
The Graduate

Craig
    $400 21
the (ten) plagues (of Egypt)

Craig
    $400 7
Austin

Craig
    $800 13
Loki

Denise
    $800 2
unsung

Denise
    $800 17
"All My Loving"

Craig
    $800 22
leavened

Kiersten
    $800 8
(Kiersten: What is Fort Worth?)

Arlington

CraigKiersten
    $1200 14
Hermes

Craig
    $1200 25
(Sean) Penn

Denise
    $1200 3
(Alex: I wear them.)
[Laughter]
(Kiersten: So does my daughter.)

pull-ups

Kiersten
    $1200 18
All My Children

Denise
    $1200 23
(Alex: With less than a minute.)

the burning bush

Craig
    $1200 9
Houston

Denise
    $1600 15
Baal

Triple Stumper
    $1600 26
Gandhi

Denise
    $1600 4
kudzu

Denise
    $1600 19
Hank Williams, Jr.

Craig
    $1600 28
[The end-of-round signal sounds.]

the Ark

Kiersten
    $2,000 11
(Craig: What is El Paso?)
...
(Alex: Saint Anthony.)

San Antonio

Craig
    $2000 16
Helios

Denise
    $2000 27
Steve Jobs

Craig
    $2000 5
the Zulu

Kiersten
    $1,000 20
(Alex: Craig?)
(Craig: I can't pull it.)

Arthur Miller

Craig
    $2000 24
Miriam

Denise
    $2000 12
Fort Worth

Triple Stumper

Scores at the end of the Double Jeopardy! Round:

Craig Kiersten Denise
$10,800 $8,600 $13,600

[wagering suggestions for these scores]

Final Jeopardy! Round responses

MOVIE SETTINGS
KierstenWhat is The Lion King?
$7,999
CraigWhat is The Lion King
$6,401
DeniseWhat is The Lion King?
$8,001
The Lion King

Final scores:

Craig Kiersten Denise
$17,201 $16,599 $21,601
2nd place: $2,000 3rd place: $1,000 New champion: $21,601

Game dynamics:

Coryat scores:

Craig Kiersten Denise
$13,800 $8,600 $13,000
18 R,
3 W
(including 2 DDs)
13 R,
3 W
15 R
(including 1 DD),
3 W

Combined Coryat: $35,400

[game clues] [game scores] [suggest correction]

Game tape date: 2017-08-30
The J! Archive is created by fans, for fans. Scraping, republication, monetization, and malicious use prohibited; this site may use cookies and collect identifying information. See terms. The Jeopardy! game show and all elements thereof, including but not limited to copyright and trademark thereto, are the property of Jeopardy Productions, Inc. and are protected under law. This website is not affiliated with, sponsored by, or operated by Jeopardy Productions, Inc. Join the discussion at JBoard.tv.